[Event "EU-Cup 20th"]
[Site "Izmir"]
[Date "2004.10.05"]
[Round "3.2"]
[White "Zhigalko, Andrey"]
[Black "Dvoirys, Semen I"]
[Result "0-1"]
[WhiteElo "2515"]
[BlackElo "2615"]
[Annotator "Ftacnik,L"]
[PlyCount "82"]
[EventDate "2004.10.03"]
[EventType "team-swiss"]
[EventRounds "7"]
[EventCountry "TUR"]
[SourceTitle "CBM 104"]
[Source "ChessBase"]
[SourceDate "2005.01.27"]
[SourceVersion "1"]
[SourceVersionDate "2005.01.27"]
[SourceQuality "1"]
[WhiteTeam "Minsk Vesnianka"]
[BlackTeam "Beer Sheva"]
[WhiteTeamCountry "BLR"]
[BlackTeamCountry "ISR"]

1. e4 c5 2. Nf3 d6 3. d4 cxd4 4. Nxd4 Nf6 5. Nc3 a6 6. Be3 e5 7. Nb3 Be6 8. f3
Nbd7 9. Qd2 b5 10. O-O-O Nb6 11. Qf2 Nc4 12. Bxc4 bxc4 13. Nc5 Be7 14. Qg3 {
Ftacnik: 'The most promissing plan seems to be the idea to reach d5 with
second knight after Nc5-a4-b6.'} (14. g4 Bxg4 $1 15. N5a4 Be6 16. Rhg1 g6 17.
Nb6 Rb8 18. Ncd5 Bxd5 19. Nxd5 Nxd5 20. Rxd5 Rb5 21. Qd2 Qc7 22. Bh6 Rxb2 23.
Bg7 {0-1 Illes,S-Stanescu,C/Miercurea Ciuc 2002/ (23)}) (14. N5a4 h5 (14... Rb8
15. Nb6 O-O 16. Kb1 Rb7 17. Ncd5 Nxd5 18. Nxd5 Rb5 19. Bb6 Qd7 20. a4 Rxd5 21.
exd5 Bf5 22. g4 Bg6 23. f4 exf4 24. Rhe1 Bf6 {0-1 Quezada,Y-Karjakin,S/
Mallorca 2004/ (71)}) 15. Nb6 Rb8 16. Ncd5 Bxd5 17. Nxd5 Nxd5 18. Rxd5 Rb5 19.
Rhd1 Qa5 20. Kb1 O-O 21. Qd2 Qc7 22. Rxb5 axb5 23. Qd5 {1-0 Almasi,Z-Lalic,B/
Jahorina 2003/ (46)}) (14. Nxe6 fxe6 15. Qe2 d5 16. exd5 exd5 17. Nxd5 Nxd5 18.
Qxc4 Nxe3 19. Qc6+ Kf7 20. Rxd8 Rhxd8 21. Qe4 Bg5 22. Qxe5 Rd5 {0-1 Pym,
T-Eckersley Waites,T/Millfield School 2003/ (30)}) (14. h4 Qc8 15. N5a4 Rb8 16.
g4 Qc6 17. Nb6 Bd8 18. Ncd5 O-O 19. c3 Nxd5 20. Nxd5 Rb5 21. Nb4 Qb7 22. Rxd6
a5 23. Na6 Be7 24. Nc5 Qc8 25. Nxe6 fxe6 26. Rb6 {1-0 Anand,V-Svidler,P/
Dortmund 2004/ (53)}) 14... O-O 15. Bh6 (15. Nxe6 fxe6 16. Qh3 Qd7 17. g4 Kh8
18. g5 Ng8 $11) 15... Ne8 16. f4 exf4 17. Bxf4 Qa5 {'!' Ftacnik.} 18. Nxe6 (18.
Nb7 Qb4 19. Nxd6 Rb8 20. Nxc4 Rb7 21. b3 Bxc4 22. bxc4 Qb2+ 23. Kd2 Bb4 24. Be5
f6 25. Bd4 Rd7 $19) 18... fxe6 19. Rhf1 (19. Qg4 $4 Rxf4 $1 20. Qxe6+ Rf7 $19)
19... Rb8 20. Qg4 Nc7 21. Bh6 Qe5 22. Bf4 (22. Rxf8+ Rxf8 23. g3 Rb8 24. Be3
Qa5 25. Bd4 $11) 22... Rxf4 23. Rxf4 Bg5 24. Rdf1 (24. g3 Qc5 25. Rd2 (25. Rdf1
$2 h5 26. Qf3 e5 $19) 25... Bh6 26. Nd1 e5 27. Rf6 Bxd2+ 28. Kxd2 d5 (28...
Qa5+ 29. Ke2 Qxa2) 29. exd5 Nxd5 $17) 24... d5 25. h4 Bh6 26. Kb1 d4 (26...
Qxc3 $2 27. Rf8+ $18) 27. Nd1 (27. Ne2 Qb5 28. b3 d3 29. Qf3 Bxf4 30. Qxf4
dxc2+ 31. Kb2 Qc5 $17) 27... Nb5 (27... Bxf4 28. Qxf4 Qxf4 29. Rxf4 Rb5 $15)
28. Qg3 (28. R4f2 Be3 $1 29. Rf6 (29. Nxe3 $2 dxe3 $19) 29... Na3+ 30. Ka1
Nxc2+ 31. Kb1 Na3+ 32. Ka1 c3 33. Qxe6+ Qxe6 34. Rxe6 Bd2 $1 35. Rc6 Nc2+ 36.
Kb1 Ne3 37. Nxe3 dxe3 $19) 28... Bxf4 29. Qxf4 (29. Rxf4 Nc3+ 30. Nxc3 dxc3 31.
b3 Rd8 $19) 29... Qxf4 30. Rxf4 e5 31. Rf5 c3 32. Rxe5 {'?' Ftacnik. Ftacnik:
'White is commiting another tactical mistake, Dvoirys will be able to win the
piece with fine tactics.'} (32. b3 Re8 33. Nf2 Nd6 34. Rf3 h5 $17) 32... Na3+
33. Kc1 (33. Ka1 Nxc2+ 34. Kb1 Ne3 $1 35. Nxe3 dxe3 $19) 33... Rxb2 {'!'
Ftacnik.} 34. Re8+ Kf7 35. Nxb2 cxb2+ 36. Kxb2 Nc4+ 37. Kb3 Nd2+ 38. Kb4 Kxe8
39. e5 (39. Kc5 Nxe4+ 40. Kxd4 Ng3 41. Ke5 Kd7 $19) 39... Nf1 40. Kc5 Ne3 41.
Kxd4 Nxg2 0-1

[Event "Pamplona 0102"]
[Site "Pamplona"]
[Date "2002.01.02"]
[Round "6"]
[White "Bologan, Viktor"]
[Black "Fressinet, Laurent"]
[Result "1-0"]
[WhiteElo "2668"]
[BlackElo "2588"]
[Annotator "Ftacnik,L"]
[PlyCount "79"]
[EventDate "2001.12.27"]
[EventType "tourn"]
[EventRounds "9"]
[EventCountry "ESP"]
[EventCategory "14"]
[SourceTitle "CBM 087"]
[Source "ChessBase"]
[SourceDate "2002.03.21"]
[SourceVersion "1"]
[SourceVersionDate "2002.03.21"]
[SourceQuality "1"]

1. e4 c5 2. Nf3 d6 3. d4 cxd4 4. Nxd4 Nf6 5. Nc3 a6 6. f3 e5 7. Nb3 Be6 8. Be3
Be7 9. Qd2 O-O 10. O-O-O Nbd7 11. g4 Qc7 12. g5 Nh5 13. Kb1 b5 14. Nd5 Bxd5 15.
exd5 Nb6 16. Na5 Nxd5 17. Qxd5 Qxa5 18. c4 Qb4 19. Rg1 {The line is pretty
dangerous for black, as white hopes for more than a mere compensation for his
sacrificed pawn.} Rab8 (19... bxc4 $5 20. Bxc4 Rab8 21. b3 $13) 20. cxb5 axb5 (
20... Nf4 21. Bxf4 Qxf4 22. g6 hxg6 23. bxa6 $13) 21. a3 Qa4 (21... Qa5 22. Rg4
g6 23. Rb4 Rfc8 $13) 22. Rg4 Nf4 $2 (22... b4 $1 23. Rc1 Qd7 24. axb4 (24. Rxb4
Rxb4 25. axb4 Bxg5 $17) 24... Rfc8 $15) 23. Bxf4 exf4 24. Rd4 Qa5 (24... b4 25.
Rdxf4 (25. Re4 Rfc8 26. Rxe7 Qc2+ 27. Ka1 Qc1+ 28. Ka2 b3+ $19) 25... Qa7 $1
26. Rxb4 Rxb4 27. axb4 (27. Rxb4 Qg1 28. Qd3 Bxg5 $13) 27... Qf2 28. Bd3 Qxh2
29. f4 $13) 25. Re4 $1 Qd8 (25... Bd8 26. Rgxf4 Qa7 (26... Rc8 $2 27. Qxf7+ $1)
27. Bxb5 $14) 26. Bxb5 {[%mdl 32] Bologan fully dominates on white squares and
even manages to prevent counterplay on the dark ones.} Kh8 (26... Rc8 27. Bc6
Qc7 28. Rc4 $14) 27. Rexf4 (27. Rgxf4 Bxg5 28. Rxf7 Bf6 29. Rxf8+ Qxf8 30. f4
$16) 27... Qb6 28. a4 Qc5 (28... f6 29. Qe4 fxg5 30. Rxf8+ Bxf8 31. Rxg5 g6 32.
h4 $14) 29. Rd4 (29. Qxc5 $5 dxc5 30. Kc2 Bd6 31. Rf5 $16) 29... f5 30. Rg2 (
30. gxf6 Bxf6 31. Qxc5 dxc5 32. Rd5 Bd4 33. b4 $16) 30... Rfc8 (30... Qa7 31.
Rc4 Qe3 32. f4 $16) 31. Qxc5 Rxc5 (31... dxc5 32. Rd7 $16) 32. f4 g6 33. b4 {
The pair of passed pawns on a,b files will prove too much for black.} Rc3 34.
Rc2 Rf3 35. Bc6 Rf1+ 36. Ka2 Bf8 37. b5 Bg7 38. Rcd2 $1 Bxd4 39. Rxd4 Rc1 40.
a5 1-0

[Event "Bermuda-B"]
[Site "Bermuda"]
[Date "2002.01.27"]
[Round "6"]
[White "Blehm, Pawel"]
[Black "Alvarez Marquez, Johan"]
[Result "1-0"]
[WhiteElo "2535"]
[BlackElo "2379"]
[Annotator "Ftacnik,L"]
[PlyCount "75"]
[EventDate "2002.01.21"]
[EventType "tourn"]
[EventRounds "9"]
[EventCountry "BER"]
[EventCategory "8"]
[SourceTitle "CBM 088"]
[Source "ChessBase"]
[SourceDate "2002.03.21"]
[SourceVersion "1"]
[SourceVersionDate "2002.03.21"]
[SourceQuality "1"]

1. e4 c5 2. Nf3 d6 3. d4 cxd4 4. Nxd4 Nf6 5. Nc3 a6 6. Be3 e5 7. Nb3 Be6 8. f3
Nbd7 9. g4 h6 10. Qd2 b5 11. O-O-O Nb6 12. Qf2 Rb8 13. Nc5 Bc8 14. Nd3 Nc4 15.
Nb4 $5 {[%mdl 8] Parting with the vital e3 bishop is a bit revolutionary,
white believes in winning time for his active attacking ideas.} (15. Ba7 Rb7 (
15... Ra8 16. Nb4 Qc7 17. Bxc4 Qxa7 18. Qxa7 Rxa7 19. Bb3 Be6 20. Ncd5 Nxd5 21.
Bxd5 Be7 {1/2-1/2 Klovans,J-Zagorskis,D/Hockenheim 1997/ (33)}) 16. Nb4 Qa5 17.
Bxc4 bxc4 18. a3 Be6 19. Be3 (19. h4 Qc7 20. g5 a5 21. Na6 Qc6 22. Nb8 Qc7 23.
gxf6 gxf6 24. a4 Rxa7 25. Nb5 Qxb8 26. Nxa7 {1-0 Klovans,J-Lapienis,D/Bad
Wildbad 1997/ (37)}) 19... d5 20. Nc6 Qc7 21. exd5 Nxd5 22. Nxd5 Qxc6 23. Nc3
Be7 24. Rhg1 O-O {1/2-1/2 Klovans,J-Womacka,M/Schoeneck 1996/ (69)}) 15... Nxe3
16. Qxe3 Be7 17. h4 (17. Nc6 Qb6 18. Qxb6 Rxb6 19. Nxe7 Kxe7 20. a3 Be6 $11)
17... Bb7 18. Qe1 {xh4} (18. Nbd5 Nxd5 19. Nxd5 Bxh4 $1 $17) 18... O-O 19. Kb1
a5 (19... Nd7 20. g5 h5 21. Bh3 $14) 20. Nbd5 b4 (20... Nxd5 21. Nxd5 Bxd5 22.
Rxd5 b4 23. g5 h5 24. Bb5 $14) 21. Nxe7+ (21. Nxf6+ Bxf6 22. Nd5 Bxd5 23. Rxd5
a4 24. g5 hxg5 25. hxg5 Bxg5 26. Bb5 b3 $1 $13) 21... Qxe7 22. Ne2 Rfc8 (22...
d5 23. g5 dxe4 24. gxf6 Qxf6 25. fxe4 Bxe4 26. Rh2 b3 27. axb3 Rxb3 28. Nc3 Bh7
29. Bd3 $16) 23. Ng3 {Both darksquared bishops are gone and white has
excellent knight ready to jump to f5.} (23. g5 Nxe4 $1 24. gxh6 (24. fxe4 $2
Bxe4 $19) 24... Nf6 $14) 23... Qc7 24. Rh2 a4 25. g5 $1 Ne8 (25... b3 26. cxb3
Nh7 27. bxa4 hxg5 28. Nf5 $18) 26. gxh6 g6 (26... b3 27. axb3 axb3 28. cxb3 Bc6
29. Bc4 $18) 27. h5 g5 (27... Kh7 28. hxg6+ fxg6 29. Bh3 Rd8 30. Qxb4 $18) 28.
Qd2 {White must be very careful not to underestimate black's chances, but it
is enough for Blehm to exploit his positional achievements on the kingside.} (
28. Qxb4 $2 Bxe4 $3 29. Qxe4 Qc3 30. h7+ Kh8 31. b3 a3 32. Kc1 Rxb3 33. axb3 a2
$19) 28... f6 29. Bh3 Rd8 30. Qxb4 Bd5 (30... Bxe4 31. Qxe4 Qc3 32. Be6+ Kh8
33. Bb3 $18) 31. Qa3 Bf7 32. Bf5 Qc4 (32... Qc5 33. Qxc5 dxc5 34. Rhd2 Rd4 35.
c3 $18) 33. Nf1 Nc7 34. Ne3 Qc6 (34... Qc5 35. Qxc5 dxc5 36. Rhd2 $18) 35. c4
$1 {The first player is clearly succeding in combining attack with a perfect
defense.} Kf8 (35... Bxc4 36. Rc2 Nb5 37. Qb4 $18) 36. Rhd2 Ke7 37. h7 Na6 (
37... Rb6 38. Bg4 $18) 38. Bg4 (38. Bg4 Nc5 39. Nf5+ $18) 1-0

[Event "Bermuda-A"]
[Site "Bermuda"]
[Date "2002.01.21"]
[Round "1"]
[White "Nakamura, Hikaru"]
[Black "Lesiege, Alexandre"]
[Result "1-0"]
[WhiteElo "2430"]
[BlackElo "2572"]
[Annotator "Ftacnik,L"]
[PlyCount "67"]
[EventDate "2002.01.21"]
[EventType "tourn"]
[EventRounds "9"]
[EventCountry "BER"]
[EventCategory "10"]
[SourceTitle "CBM 088"]
[Source "ChessBase"]
[SourceDate "2002.03.21"]
[SourceVersion "1"]
[SourceVersionDate "2002.03.21"]
[SourceQuality "1"]

1. e4 c5 2. Nc3 d6 3. Nf3 Nf6 4. d4 cxd4 5. Nxd4 a6 6. Be3 e5 7. Nb3 Be6 8. f3
Nbd7 9. Qd2 Be7 10. O-O-O b5 11. g4 Nb6 12. g5 Nfd7 13. Nd5 Bxd5 (13... Nxd5
14. exd5 Bf5 15. Na5 Nb6 (15... Qc7 16. Nc6 Nb8 17. Nxe7 Kxe7 18. Bd3 Bxd3 19.
Qxd3 Qc4 20. Qxc4 bxc4 21. f4 Nd7 22. Rhe1 Rab8 23. Bd4 f6 {1/2-1/2 Ioseliani,
N-Zhu Chen/Elista 1998/ (38)}) (15... Nb8 16. h4 Qc7 17. Bh3 Bxh3 18. Rxh3 Bd8
19. Nb3 Nd7 20. f4 O-O 21. h5 Rc8 22. Rdh1 f5 {0-1 Somalo Fernandez,M-Garcia
Perez,J/Cala Galdana 1999/ (32)}) (15... O-O 16. Nc6 Qe8 17. h4 Nb8 18. Nxe7+
Qxe7 19. h5 Nd7 20. Bh3 Bxh3 21. Rxh3 f5 22. gxf6 Nxf6 23. Rg1 Rf7 {1/2-1/2
Gagunashvili,M-Dzagnidze,N/Batumi 2001/ (38)}) 16. Nc6 Qc7 17. Bd3 Bxd3 18.
Qxd3 Nc4 19. f4 exf4 20. Bxf4 O-O 21. Rhe1 Rfe8 22. Qe4 Ne5 23. Nxe5 dxe5 24.
Qxe5 {1-0 Ribshtein,N-Golberg,I/Petah Tiqwa 1997/ (31)}) 14. exd5 Nc4 (14...
Rc8 15. h4 Nc4 16. Qf2 (16. Qe1 Ndb6 17. Bh3 Nxe3 18. Qxe3 Rc4 19. Bg4 O-O 20.
Kb1 Qc7 21. Rh2 a5 22. h5 a4 {0-1 Bartel,M-Szelag,M/Poraj 1997/ (33)}) 16... a5
17. Rd3 b4 18. Nd2 Nxe3 19. Rxe3 Rc5 20. Nb3 Rxd5 21. Bc4 Nb6 22. Bxd5 Nxd5 23.
Re4 a4 {0-1 Papastavropoulos,A-Kaspi,A/Kavala 1996/ (72)}) 15. Bxc4 bxc4 16.
Na5 c3 (16... Rc8 17. Nc6 Qc7 18. f4 Nb6 19. fxe5 Nxd5 20. Qxd5 Qxc6 21. exd6
Qxd5 22. Rxd5 Rd8 23. Rhd1 Bf8 24. d7+ {1-0 Askarov,M-Mitrofanov,I/Toljatti
2000/ (24)}) 17. Qxc3 Bxg5 18. f4 $1 {[%mdl 128] White is bravely exploiting
his lead in the development, black king will become a target.} (18. Nc6 Bxe3+
19. Qxe3 Qf6 20. Rhg1 O-O {1/2-1/2 Mancebo Ibanez,F-Crespo,R/Valencia 1998/ 
(20)}) 18... exf4 (18... Bxf4 19. Bxf4 exf4 20. Qxg7 $18) (18... Bh6 19. Nc6
Qc7 20. fxe5 Bxe3+ 21. Qxe3 dxe5 22. Qa3 $18) 19. Nc6 Qc7 (19... Qf6 20. Bd4
$18) (19... Qc8 20. Bc5 $1 f3+ 21. Kb1 Nxc5 22. Qxg7) 20. Bd4 (20. Qxg7 Bf6 21.
Bb6 $1 Bxg7 (21... Qxb6 22. Rhe1+ $18) 22. Bxc7 $16) (20. Bc5 $6 O-O $13) 20...
f6 21. Rhg1 (21. h4 Bh6 22. Rhg1 Ne5 23. Rde1 O-O 24. h5 Rac8 25. Bxe5 f3+ 26.
Kb1 f2 {0-1 Skurzak,J-Ciolek,M/Kazimierz Dolny 2001/ (32)}) 21... Bh6 (21...
Rc8 22. Rxg5 $1 fxg5 23. Bxg7 Rg8 24. Re1+ Ne5 25. Bxe5 $18) 22. Rge1+ Ne5 (
22... Kf8 23. Re7 Re8 24. Bxf6 (24. Qe1 f3+ 25. Kb1 Qc8 26. Qe6 $18) 24... f3+
25. Kb1 gxf6 26. Rxd7 Qxd7 27. Qxf6+ Kg8 28. Qxh6 f2 29. Qh4 $13) 23. Bxe5 fxe5
24. Rxe5+ $1 dxe5 (24... Kf8 25. Rh5 $1 Rg8 26. Rf5+ $18) 25. d6 {It took a
sacrifice of a whole rook, but the poor defenders king will be haunted over
the board.} Qd7 (25... Qb6 26. d7+ (26. Qxe5+ $6 Kd7 27. Qf5+ Kxc6 28. Qe4+ Kd7
29. Qe7+ Kc6 30. Qe4+ $11) 26... Kf7 (26... Kf8 27. d8=Q+ $18) 27. Nxe5+ Ke6
28. Re1 f3+ 29. Kb1 Qb5 30. Nc4+ Kxd7 31. Qd3+ Kc7 32. Qd6+ Kc8 33. Re7 $18)
26. Nxe5 Qb5 (26... Rc8 27. Qb3 f3+ 28. Kb1 Qf5 29. d7+ $18) (26... Qe6 27.
Qc6+ $18) 27. d7+ Ke7 (27... Kd8 28. Nc6+ Kc7 29. Nd4+ $18) 28. Qa3+ $1 Ke6 29.
Qd6+ Kf5 30. Nf3 Kg4 31. Nd4 {Nakamura need just one thing and that is
coordination of the pieces.} (31. Qe6+ Kxf3 32. Qh3+ Kf2 (32... Ke4 33. Qe6+
Kf3 $11) 33. Rd2+ Qe2 $11) 31... Qc4 (31... Qa5 32. Qe6+ Kh5 33. Rg1 $18) 32.
Rg1+ Kh3 (32... Kh5 33. Qe5+ g5 34. h4 Rhg8 35. Rh1 $18) 33. Qe5 g6 (33... Qf7
34. Qe1 f3+ 35. Kb1 Qf4 (35... f2 36. Qc3+ $18) 36. Qf1+ Kh4 37. Nxf3+ $18) 34.
Qe4 1-0

[Event "Pulvermuehle 6th"]
[Site "Pulvermuehle"]
[Date "2006.02.28"]
[Round "4"]
[White "Baramidze, David"]
[Black "Lagno, Kateryna"]
[Result "1-0"]
[WhiteElo "2554"]
[BlackElo "2500"]
[Annotator "Ftacnik,L"]
[PlyCount "107"]
[EventDate "2006.02.25"]
[EventType "tourn"]
[EventRounds "9"]
[EventCountry "GER"]
[EventCategory "12"]
[SourceTitle "CBM 112"]
[Source "ChessBase"]
[SourceDate "2006.06.07"]
[SourceVersion "1"]
[SourceVersionDate "2006.06.07"]
[SourceQuality "1"]

1. e4 c5 2. Nf3 d6 3. d4 cxd4 4. Nxd4 Nf6 5. Nc3 a6 6. Be3 e5 7. Nb3 Be6 8. f3
Be7 9. Qd2 O-O 10. O-O-O Nbd7 11. g4 b5 12. g5 b4 13. Ne2 Ne8 14. f4 a5 15. f5
a4 16. Kb1 axb3 17. cxb3 Rxa2 18. fxe6 fxe6 19. Bh3 Qa5 20. Bxe6+ Kh8 21. Bxd7
$5 {Baramidze is imrpoving on his game against Nielsen, but black should be
able to hold.} (21. Ng3 Nc5 22. Bc4 Nc7 23. Rhf1 Ra8 24. Bxc5 Qxc5 25. Qf2 Qxc4
{0-1 Baramidze,D (2542)-Nielsen,P (2668)/Germany 2006/}) 21... Ra1+ 22. Kc2
Qc7+ 23. Nc3 Rxd1 24. Qxd1 (24. Rxd1 $2 bxc3 25. bxc3 Qxd7 $19) 24... bxc3 $2 {
Terrible decision, since white will now be left with a bishop pair controlling
the whole board.} (24... Qxd7 25. Nd5 Nc7 26. Nxe7 Qxe7 27. Kb1 $11) 25. Be6 (
25. Bg4 Qb7 26. Qd5 Qxd5 27. exd5 cxb2 28. Kxb2 $16) 25... cxb2+ 26. Kxb2 Qd8
27. Rf1 $1 {The challenge for black will be not to become mated wih vulnerable
king in the corner.} (27. Qd2 Nc7 28. Bc4 Qa8 29. Qg2 Rb8 30. Ra1 Qc6 31. Rc1
$16) 27... d5 (27... Nc7 28. Rxf8+ Qxf8 29. Bc4 $16) 28. Bxd5 (28. Rxf8+ $5
Bxf8 29. Qxd5 Qe7 30. Qc6 $18) 28... Nd6 29. Rxf8+ Qxf8 (29... Bxf8 30. Qh5 g6
31. Qh3 $16) 30. Qe2 Qc8 31. Qc2 (31. Bd2 Qh3 32. Qf2 $16) 31... Qh3 {Lahno
has managed to create at least some counterplay despite necessity to protect
the king.} (31... Qg4 32. Bc5 Qh3 33. Qd2 Qd7 34. Qf2 Qe8 35. b4 $16) 32. Bc5
Qf1 (32... Nc8 $2 33. Bxe7 Nxe7 34. Qc7 $18) 33. h4 h6 34. g6 Qf8 (34... Qf6 $5
35. b4 (35. h5 Nc4+ $3 36. Bxc4 (36. Qxc4 Bxc5 37. Qxc5 Qf2+ 38. Qxf2 $11)
36... Bxc5 37. Be2 Qf2 $16) 35... Qxg6 36. b5 Qe8 37. Qb3 $16) 35. Qf2 $1 (35.
b4 Bxh4 36. b5 Qf6 37. b6 Qxg6 38. Qb3 $16) 35... Nc4+ $2 {[%mdl 4096] Wrong
combination, even though the idea is ingenious. The way white wins the
positions due to the multiple zugzwang will find its way into the books.} (
35... Qd8 36. b4 Bxh4 37. Qe2 $16) 36. Bxc4 Bxc5 37. Qxf8+ Bxf8 38. h5 $1 Bb4
39. Bf7 Bc3+ 40. Kc2 Bb4 41. Kd3 Bc3 42. Kc4 Bb4 43. Kd5 Bd6 (43... Bc3 44. Ke6
Bd4 45. b4 $18) 44. Be6 {Now black must let white pawn advance from the square
b3.} Bb8 45. b4 Bd6 46. b5 Bc7 47. Bf7 Bd6 48. b6 Bc7 49. b7 Bd6 50. Kc6 Bc7
51. Kd7 Bb8 52. Kc8 Bd6 53. Be6 Bb8 54. Bf5 (54. Bf5 Bd6 55. b8=Q Bxb8 56. Kxb8
Kg8 57. Kc7 Kf8 58. Kd6 Ke8 59. Kxe5 $18) 1-0

[Event "Olympiad-36"]
[Site "Mallorca"]
[Date "2004.10.17"]
[Round "3"]
[White "Adams, Michael"]
[Black "Hansen, Sune Berg"]
[Result "1-0"]
[WhiteElo "2740"]
[BlackElo "2551"]
[Annotator "Ftacnik,L"]
[PlyCount "68"]
[EventDate "2004.10.15"]
[EventType "team-swiss"]
[EventRounds "14"]
[EventCountry "ESP"]
[SourceTitle "CBM 104"]
[Source "ChessBase"]
[SourceDate "2005.01.27"]
[SourceVersion "1"]
[SourceVersionDate "2005.01.27"]
[SourceQuality "1"]
[WhiteTeam "England"]
[BlackTeam "Denmark"]
[WhiteTeamCountry "ENG"]
[BlackTeamCountry "DEN"]

1. e4 c5 2. Nf3 d6 3. d4 cxd4 4. Nxd4 Nf6 5. Nc3 a6 6. Be3 e5 7. Nb3 Be6 8. f3
Nbd7 9. Qd2 b5 10. O-O-O Rc8 11. Kb1 Be7 12. g4 Nb6 13. g5 Nh5 14. Qf2 Nc4 15.
Bxc4 Rxc4 (15... bxc4 16. Nc5 O-O 17. h4 Qa5 18. N5a4 g6 19. Bb6 Qb4 20. a3 {
1-0 Panarin,M-Bach,R/playchess.com 2004/ (20)}) 16. Rhg1 {Adams plays even
sharp Sicilian positions in a positional manner and often with great success.}
(16. h4 Rxc3 17. bxc3 Qc7 18. Bb6 Qb8 19. Ba5 h6 20. gxh6 Rxh6 21. Qb6 Qxb6 22.
Bxb6 Ng3 23. Rh2 f5 {0-1 Anhchimeg,B-Paehtz,E/Mallorca 2004/ (52)}) 16... Qb8 (
16... Rxc3 $5 17. bxc3 Qc7 18. Rd3 Qc4 19. Bc1 $14) 17. Nd5 Bd8 (17... Bxd5 18.
Rxd5 Qc7 19. Rgd1 $16) 18. Nd2 Rc8 (18... Bxd5 19. exd5 Rc8 20. Ne4 O-O 21. Qh4
g6 22. f4 $1 $16) 19. Nf1 Bxd5 (19... f5 20. gxf6 Bxf6 21. Ng3 Nxg3 22. hxg3
$16) 20. Rxd5 O-O 21. Ng3 {[%mdl 32] The knight on h5 is a nasty defensive
piece, but it can be removed with the help of Ng3 move.} (21. Qh4 Qc7 22. Rg2
Qc4 23. Rd3 Nf4 24. Bxf4 exf4 25. Qxf4 Bb6 26. Ng3 $16) 21... Nxg3 (21... Nf4
22. Bxf4 exf4 23. Nf5 Bb6 24. Qf1 Bxg1 25. Ne7+ Kh8 26. Nxc8 Bc5 27. Ne7 $14)
22. hxg3 f6 (22... f5 23. Qh2 $1 fxe4 24. Rh1 exf3 25. Qxh7+ Kf7 26. Rh6 $18)
23. gxf6 (23. g6 hxg6 24. Rh1 Qc7 25. Rd2 Be7 $14) 23... Bxf6 (23... Rxf6 24.
Rgd1 Qc7 25. f4 $16) 24. Qd2 Rc6 25. Rd1 Be7 (25... Rfc8 26. Rxd6 Rxc2 27. Qd5+
Kh8 28. Rxa6 $16) 26. f4 $1 {White has better pawn structure and stronger
pieces.} Rfc8 (26... exf4 27. gxf4 Rfc8 28. Rh5 h6 29. Qd5+ Kf8 30. Rf5+ $18)
27. fxe5 dxe5 (27... Rxc2 28. Qb4 R2c4 29. Qa3 Rxe4 30. exd6 Bf6 31. d7 Rd8 32.
Rd6 $18) 28. Rd7 Bf8 (28... Rxc2 $2 29. Qd5+ Kf8 30. Rf1+ Ke8 31. Rxe7+ Kxe7
32. Rf7+ Ke8 33. Qd7#) 29. Qd5+ Kh8 30. Ba7 Qa8 31. Qxe5 Rxc2 32. Bd4 {The
positional triumph have resulted in winning kingside attack. Hansen tries the
last trick...} Rc1+ (32... Qc6 33. Bc3 Rxc3 34. bxc3 Qxc3 35. Qxc3 Rxc3 36. Rd8
Rf3 37. e5 $18) (32... Re2 33. Rxg7 Qxe4+ 34. Qxe4 Rxe4 35. Rg4+ Rxd4 36. Rgxd4
$18) 33. Rxc1 Rxc1+ 34. Kxc1 Qc6+ (34... Qc6+ 35. Bc5 Qxd7 36. Qb8 $18) 1-0

[Event "Olympiad-36"]
[Site "Mallorca"]
[Date "2004.10.20"]
[Round "6"]
[White "Svidler, Peter"]
[Black "Sutovsky, Emil"]
[Result "1-0"]
[WhiteElo "2735"]
[BlackElo "2697"]
[Annotator "Ftacnik,L"]
[PlyCount "61"]
[EventDate "2004.10.15"]
[EventType "team-swiss"]
[EventRounds "14"]
[EventCountry "ESP"]
[SourceTitle "CBM 104"]
[Source "ChessBase"]
[SourceDate "2005.01.27"]
[SourceVersion "1"]
[SourceVersionDate "2005.01.27"]
[SourceQuality "1"]
[WhiteTeam "Russia"]
[BlackTeam "Israel"]
[WhiteTeamCountry "RUS"]
[BlackTeamCountry "ISR"]

{[%mdl 1]} 1. e4 c5 2. Nf3 d6 3. d4 cxd4 4. Nxd4 Nf6 5. Nc3 a6 6. f3 e5 7. Nb3
Be6 8. Be3 Nbd7 9. Qd2 b5 10. O-O-O Be7 11. g4 b4 12. Ne2 a5 13. Kb1 h6 {
Sutovsky makes a very courageous decision, since this move aiming to slow down
advance of the White's g pawn criticaly weakens the f5 square.} (13... Nb6 14.
Ng3 g6 15. g5 Nfd7 16. f4 a4 17. Nc1 exf4 18. Bxf4 b3 19. Bxd6 bxc2+ 20. Qxc2
Bxd6 21. Rxd6 O-O 22. h4 {1-0 Luethgens,E-Koscielski,J/Germany 1993/ (34)}) 14.
Ng3 a4 (14... g6 15. Bxh6 a4 16. Nc1 b3 17. Bb5 bxa2+ 18. Ka1 Qc7 $13) 15. Nc1
d5 (15... g6 $5) 16. Nf5 Bxf5 (16... Bf8 17. exd5 Bxd5 18. Bg2 (18. Be2 Qb8 $15
) 18... b3 19. f4 $13) 17. gxf5 d4 (17... dxe4 $5 18. fxe4 (18. Qg2 exf3 19.
Qxg7 Rh7 20. Qg3 Qa5 $15) 18... a3 $1 (18... Nxe4 19. Qg2 Nd6 20. Qxg7 $14) 19.
Bb5 axb2 20. Kxb2 Qc7 21. Rhg1 $13) 18. Bf2 O-O (18... g6 19. fxg6 fxg6 20. Rg1
g5 21. h4 $36) 19. Rg1 Kh8 20. Bb5 Nc5 (20... Qc7 21. Bg3 Bd6 (21... Rfb8 22.
Bxd7 Nxd7 23. Qxd4 $14) 22. Qg2 Rg8 $13) 21. Nd3 a3 $2 {Black understands the
necessity to quickly generate counterplay, but he choses a wrong version of it.
Much better seems to be 21...Ra5! with chances for both sides.} (21... Ra5 $1
22. Bc4 Nxd3 23. Qxd3 Nh5 $11) (21... Qc7 22. Nxe5 $1 Qxe5 23. Bxd4 (23. Bg3
Ncxe4 24. Bxe5 Nxd2+ 25. Rxd2 Ra5 $17) 23... Qc7 (23... Ncxe4 24. Qg2 $18) 24.
e5 $16) 22. Nxe5 axb2 (22... b3 23. cxb3 (23. Bc4 $6 bxa2+ 24. Bxa2 axb2 25.
Qxd4 Qa5 26. Qc4 Ncxe4 $11) 23... Qb8 24. Bc4 Qxe5 25. Bg3 Ncxe4 26. Bxe5 Nxd2+
27. Rxd2 $18) 23. Bxd4 Rxa2 {Spirited, but not sufficient as White is never in
real danger of getting mated.} (23... Qc7 24. Qg2 Nh5 25. Nc6 $18) 24. Kxa2 (
24. Qg2 Nh5 25. Kxa2 Qa5+ 26. Kxb2 Qxb5 (26... Qa3+ 27. Kb1 Ra8 28. Nxf7+ Kg8
29. Nxh6+ $18) 27. Ng6+ fxg6 28. Qxg6 Bg5 29. Rxg5 hxg5 30. Qxh5+ Kg8 31. Qg6
$18) 24... Qa5+ 25. Kxb2 Qxb5 26. Rxg7 $3 {[%mdl 64] The bishop on d4 enables
fascinating combination, Black's defence is simply falling apart.} (26. Ra1
Na4+ 27. Kc1 $18) 26... Kxg7 27. Ng4 Rh8 (27... Kg8 28. Qxh6 $18) 28. Nxf6 Bxf6
29. Rg1+ Kh7 (29... Kf8 30. Bxf6 Qb6 31. Bxh8 Na4+ 32. Kb3 Nc5+ 33. Kc4 $18)
30. Bxf6 Na4+ 31. Kc1 (31. Kc1 Rg8 32. Rxg8 Qf1+ (32... Kxg8 33. Qd8+ $18) 33.
Qd1 Qxd1+ 34. Kxd1 Kxg8 35. Be7 $18) 1-0